| 000 | 00573nam a2200169Ia 4500 | ||
|---|---|---|---|
| 005 | 20250424120256.0 | ||
| 008 | 250424s9999 xx 000 0 und d | ||
| 022 | _a26826291 | ||
| 050 | _aHV 551.5.J68/ | ||
| 245 | 0 | _aJournal of disaster risk reduction | |
| 260 | _aZaria, Nigeria | ||
| 260 | _bAhmadu Bello University Press Ltd. | ||
| 260 | _c2019 | ||
| 300 | _avi, 210 p. :ill. ; 29 cm. | ||
| 650 | _aEmergency management--Kenya--Periodicals. Hazard mitigation--Kenya--Periodicals. Emergency management--Periodicals. Hazard mitigation--Periodicals. | ||
| 942 | _cSR | ||
| 999 |
_c38384 _d38384 |
||